000 00299nam a2200121 a 4500
005 20140414093837.0
008 110322s19uu xx uuu eng d
050 _aCT FUN
_b1998 #3
245 _aFunfare audio 3.
260 _aPhilippines :
_bStar Records,
_c1998.
942 _cAVM
999 _c109065
_d109065